<?xml version="1.0" encoding="UTF-8"?>
<record
    xmlns:xsi="http://www.w3.org/2001/XMLSchema-instance"
    xsi:schemaLocation="http://www.loc.gov/MARC21/slim http://www.loc.gov/standards/marcxml/schema/MARC21slim.xsd"
    xmlns="http://www.loc.gov/MARC21/slim">

  <leader>01712na  a2200421   4500</leader>
  <controlfield tag="001">22964</controlfield>
  <controlfield tag="003">MIRAKIL</controlfield>
  <controlfield tag="005">20181213154929.0</controlfield>
  <controlfield tag="008">170304b        tu            000 0      </controlfield>
  <datafield tag="035" ind1=" " ind2=" ">
    <subfield code="a">13419</subfield>
  </datafield>
  <datafield tag="040" ind1=" " ind2=" ">
    <subfield code="a">Milas</subfield>
    <subfield code="b">tur</subfield>
    <subfield code="c">TR-AnCHP</subfield>
  </datafield>
  <datafield tag="041" ind1=" " ind2=" ">
    <subfield code="a">tur</subfield>
  </datafield>
  <datafield tag="082" ind1=" " ind2=" ">
    <subfield code="a">CHP 324.9561</subfield>
    <subfield code="b">T34i 2007</subfield>
  </datafield>
  <datafield tag="090" ind1=" " ind2=" ">
    <subfield code="a">CHP 324.9561 T34i 2007</subfield>
  </datafield>
  <datafield tag="091" ind1=" " ind2=" ">
    <subfield code="a">AR&#x15E;&#x130;V-SE&#xC7;MEN ARA&#x15E;TIRMALARI</subfield>
  </datafield>
  <datafield tag="100" ind1=" " ind2=" ">
    <subfield code="a">Telci, Alim</subfield>
  </datafield>
  <datafield tag="245" ind1=" " ind2=" ">
    <subfield code="a">2007 genel se&#xE7;im senaryolar&#x131;</subfield>
    <subfield code="c">Alim Telci</subfield>
  </datafield>
  <datafield tag="260" ind1=" " ind2=" ">
    <subfield code="a">Ankara</subfield>
    <subfield code="b">AkYat&#x131;r&#x131;m</subfield>
    <subfield code="c">[2007]</subfield>
  </datafield>
  <datafield tag="300" ind1=" " ind2=" ">
    <subfield code="a">13 s. </subfield>
    <subfield code="b">tbl.</subfield>
    <subfield code="c">30 sm.</subfield>
  </datafield>
  <datafield tag="500" ind1=" " ind2=" ">
    <subfield code="a">Yerel numaradaki say&#x131;lar ara&#x15F;t&#x131;rman&#x131;n yap&#x131;ld&#x131;&#x11F;&#x131; aylar&#x131; temsil eder : Ocak -1 ; &#x15E;ubat - 2 ; Mart - 3 ; Nisan - 4 ; May&#x131;s - 5; Haziran - 6 ; Temmuz - 7; A&#x11F;ustos - 8; Eyl&#xFC;l - 9; Ekim - 10; Kas&#x131;m - 11 ; Aral&#x131;k - 12.</subfield>
  </datafield>
  <datafield tag="610" ind1=" " ind2=" ">
    <subfield code="a">CHP</subfield>
    <subfield code="x">Kamuoyu ara&#x15F;t&#x131;rmalar&#x131;</subfield>
    <subfield code="y">Siyasal e&#x11F;ilim</subfield>
    <subfield code="z">T&#xFC;rkiye</subfield>
  </datafield>
  <datafield tag="650" ind1=" " ind2=" ">
    <subfield code="a">Siyasal e&#x11F;ilim</subfield>
    <subfield code="x">Raporlar</subfield>
    <subfield code="y">Analiz</subfield>
    <subfield code="z">T&#xFC;rkiye</subfield>
  </datafield>
  <datafield tag="650" ind1=" " ind2=" ">
    <subfield code="a">Kamuoyu ara&#x15F;t&#x131;rmalar&#x131;</subfield>
    <subfield code="x">Siyasal e&#x11F;ilim</subfield>
    <subfield code="z">T&#xFC;rkiye</subfield>
  </datafield>
  <datafield tag="650" ind1=" " ind2=" ">
    <subfield code="a">Kamuoyu ara&#x15F;t&#x131;rmalar&#x131;</subfield>
    <subfield code="x">Genel se&#xE7;imler, 2007</subfield>
    <subfield code="y">Raporlar</subfield>
    <subfield code="z">T&#xFC;rkiye</subfield>
  </datafield>
  <datafield tag="650" ind1=" " ind2=" ">
    <subfield code="a">Kamuoyu ara&#x15F;t&#x131;rmalar&#x131;</subfield>
    <subfield code="x">Siyasal e&#x11F;ilim</subfield>
    <subfield code="y">Raporlar</subfield>
    <subfield code="z">T&#xFC;rkiye</subfield>
  </datafield>
  <datafield tag="651" ind1=" " ind2=" ">
    <subfield code="a">T&#xFC;rkiye</subfield>
    <subfield code="x">Siyaset ve y&#xF6;netim</subfield>
    <subfield code="y">Raporlar</subfield>
  </datafield>
  <datafield tag="657" ind1=" " ind2=" ">
    <subfield code="a">CHP siyasi durum ara&#x15F;t&#x131;rmas&#x131;</subfield>
  </datafield>
  <datafield tag="657" ind1=" " ind2=" ">
    <subfield code="a">CHP siyasal e&#x11F;ilim ara&#x15F;t&#x131;rmas&#x131;</subfield>
  </datafield>
  <datafield tag="657" ind1=" " ind2=" ">
    <subfield code="a">CHP kamuoyu ara&#x15F;t&#x131;rmas&#x131;</subfield>
  </datafield>
  <datafield tag="657" ind1=" " ind2=" ">
    <subfield code="a">CHP se&#xE7;men ara&#x15F;trmas&#x131;</subfield>
  </datafield>
  <datafield tag="740" ind1=" " ind2=" ">
    <subfield code="a">2007 siyasal durum ara&#x15F;t&#x131;rmas&#x131;</subfield>
  </datafield>
  <datafield tag="740" ind1=" " ind2=" ">
    <subfield code="a">2007 siyasal e&#x11F;ilim ara&#x15F;t&#x131;rmalar&#x131;</subfield>
  </datafield>
  <datafield tag="740" ind1=" " ind2=" ">
    <subfield code="a">2007 kamuoyu ara&#x15F;t&#x131;rmalar&#x131;</subfield>
  </datafield>
  <datafield tag="740" ind1=" " ind2=" ">
    <subfield code="a">2007 se&#xE7;men ara&#x15F;t&#x131;rmalar&#x131;</subfield>
  </datafield>
  <datafield tag="830" ind1=" " ind2=" ">
    <subfield code="a">CHP kamuoyu ara&#x15F;t&#x131;rmalar&#x131;</subfield>
  </datafield>
  <datafield tag="942" ind1=" " ind2=" ">
    <subfield code="2">ddc</subfield>
    <subfield code="c">BKS</subfield>
  </datafield>
  <datafield tag="952" ind1=" " ind2=" ">
    <subfield code="a">0001</subfield>
    <subfield code="b">0001</subfield>
    <subfield code="d">2017-03-04</subfield>
    <subfield code="e">2</subfield>
    <subfield code="l">0</subfield>
    <subfield code="o">CHP 324.9561 T34i 2007</subfield>
    <subfield code="p">016907</subfield>
    <subfield code="r">2017-03-04 00:00:00</subfield>
    <subfield code="v">0.00</subfield>
    <subfield code="w">2017-03-04</subfield>
    <subfield code="y">BKS</subfield>
  </datafield>
  <datafield tag="999" ind1=" " ind2=" ">
    <subfield code="c">3360</subfield>
    <subfield code="d">3360</subfield>
  </datafield>
</record>
